Municipalities of Liguria (with a map) - Statistics

General Stats
  • This quiz has been taken 416 times
  • The average score is 49 of 234
Answers on the Map
Answers color-coded by a green-red scale on the quiz's map according to % correct below.
 
Answer Stats
Comuni % Correct
Genoa
98%
Savona
95%
La Spezia
94%
Imperia
93%
Sanremo
89%
Ventimiglia
86%
Albenga
76%
Finale Ligure
70%
Rapallo
64%
Sestri Levante
63%
Portofino
62%
Chiavari
61%
Sarzana
61%
Recco
58%
Loano
57%
Varazze
57%
Arenzano
56%
Camogli
56%
Porto Venere
56%
Alassio
55%
Taggia
55%
Bordighera
54%
Pietra Ligure
54%
Riomaggiore
54%
Andora
53%
Monterosso al Mare
53%
Lerici
51%
Santa Margherita Ligure
50%
Spotorno
50%
Cairo Montenotte
49%
Celle Ligure
49%
Laigueglia
49%
Albissola Marina
48%
Vernazza
47%
Cogoleto
46%
Altare
44%
Noli
44%
Bogliasco
43%
Diano Marina
43%
Vado Ligure
41%
Zoagli
41%
Bergeggi
40%
Ne
40%
Albisola Superiore
39%
Lavagna
39%
Ronco Scrivia
39%
Campomorone
38%
Rezzo
38%
Santo Stefano di Magra
36%
Levanto
35%
Rezzoaglio
34%
Busalla
33%
Campo Ligure
33%
Deiva Marina
33%
Sassello
32%
Borghetto Santo Spirito
31%
Borzonasca
31%
Moneglia
30%
Luni
28%
Sori
28%
Carcare
26%
Serra Riccò
25%
Varese Ligure
25%
Ceriale
24%
Dolceacqua
24%
Ospedaletti
23%
Ameglia
22%
Cervo
22%
Bonassola
21%
Borgio Verezzi
21%
Camporosso
21%
San Bartolomeo al Mare
21%
Bargagli
20%
Masone
19%
Millesimo
19%
Quiliano
19%
Rossiglione
19%
Seborga
18%
Arcola
17%
Brugnato
17%
Calizzano
17%
Mele
17%
Toirano
17%
Triora
17%
Vallecrosia
17%
Cengio
16%
Stella
16%
Villanova d'Albenga
16%
Apricale
15%
Bardineto
15%
Carasco
15%
Casella
15%
Framura
15%
Pieve di Teco
15%
Pieve Ligure
15%
San Lorenzo al Mare
15%
Santo Stefano d'Aveto
15%
Torriglia
15%
Vezzano Ligure
15%
Diano Castello
14%
Isola del Cantone
14%
Pigna
14%
Santo Stefano al Mare
14%
Badalucco
13%
Calice Ligure
13%
Osiglia
13%
Pontinvrea
13%
Carro
12%
Castelnuovo Magra
12%
Ceriana
12%
Cogorno
12%
Dego
12%
Dolcedo
12%
Mallare
12%
Zuccarello
12%
Airole
11%
Bolano
11%
Montoggio
11%
Pallare
11%
Perinaldo
11%
Pontedassio
11%
Riccò del Golfo di Spezia
11%
Rovegno
11%
Bajardo
10%
Balestrino
10%
Boissano
10%
Carrodano
10%
Casarza Ligure
10%
Castelvecchio di Rocca Barbena
10%
Garlenda
10%
Mignanego
10%
Orco Feglino
10%
Piana Crixia
10%
Riva Ligure
10%
Rocchetta Nervina
10%
Sant'Olcese
10%
Savignone
10%
Stellanello
10%
Tovo San Giacomo
10%
Uscio
10%
Vezzi Portio
10%
Aquila d'Arroscia
9%
Borgomaro
9%
Bormida
9%
Casanova Lerrone
9%
Castiglione Chiavarese
9%
Cicagna
9%
Crocefieschi
9%
Davagna
9%
Diano Arentino
9%
Diano San Pietro
9%
Giusvalla
9%
Isolabona
9%
Magliolo
9%
Massimino
9%
Molini di Triora
9%
Murialdo
9%
Olivetta San Michele
9%
Ortovero
9%
Pignone
9%
Pornassio
9%
Sesta Godano
9%
Urbe
9%
Arnasco
8%
Avegno
8%
Borghetto di Vara
8%
Calice al Cornoviglio
8%
Ceranesi
8%
Chiusanico
8%
Cipressa
8%
Cisano sul Neva
8%
Erli
8%
Follo
8%
Lumarzo
8%
Mendatica
8%
Mioglia
8%
Moconesi
8%
Montebruno
8%
Nasino
8%
Plodio
8%
Testico
8%
Tiglieto
8%
Vallebona
8%
Vessalico
8%
Vobbia
8%
Zignago
8%
Borghetto d'Arroscia
7%
Castelbianco
7%
Castel Vittorio
7%
Chiusavecchia
7%
Cosseria
7%
Fontanigorda
7%
Giustenice
7%
Gorreto
7%
Montegrosso Pian Latte
7%
Propata
7%
Rialto
7%
San Colombano Certenoli
7%
Soldano
7%
Terzorio
7%
Vasia
7%
Beverino
6%
Castellaro
6%
Costarainera
6%
Favale di Malvaro
6%
Lorsica
6%
Mezzanego
6%
Onzo
6%
Orero
6%
Pietrabruna
6%
Ranzo
6%
Roccavignale
6%
Rocchetta di Vara
6%
Rondanina
6%
San Biagio della Cima
6%
Valbrevenna
6%
Villa Faraldi
6%
Aurigo
5%
Civezza
5%
Cosio di Arroscia
5%
Fascia
5%
Leivi
5%
Neirone
5%
Pompeiana
5%
Prelà
5%
Tribogna
5%
Vendone
5%
Armo
4%
Caravonica
4%
Coreglia Ligure
4%
Lucinasco
4%
Maissana
4%
Montalto Carpasio
4%
Cesio
3%
No matching quizzes found
Score Distribution
Percent of People with Each Score
Percentile by Number Answered
Your Score History
You have not taken this quiz